Derecho histórico y régimen local de Navarra (Registro nro. 12490)
[ vista simple ]
| 000 -LEADER | |
|---|---|
| campo de control de longitud fija | 01139nam a2200253 i 4500 |
| 001 - NÚMERO DE CONTROL | |
| campo de control | 12490 |
| 003 - IDENTIFICADOR DE NÚMERO DE CONTROL | |
| campo de control | ES-MaACL |
| 005 - FECHA Y HORA DE LA ÚLTIMA TRANSACCIÓN | |
| campo de control | 20250808230400.0 |
| 008 - DATOS DE LONGITUD FIJA--INFORMACIÓN GENERAL | |
| campo de control de longitud fija | 901018s1988 sp |||| | spa j |
| 020 ## - NÚMERO INTERNACIONAL ESTÁNDAR DEL LIBRO | |
| Número Internacional Estándar del Libro | 84-235-0840-4 |
| 080 ## - NÚMERO DE LA CLASIFICACIÓN DECIMAL UNIVERSAL | |
| Número de la Clasificación Decimal Universal | 352/353(465.1)(091) |
| 100 1# - ENTRADA PRINCIPAL--NOMBRE DE PERSONA | |
| Nombre de persona | Loperena Rota, Demetrio. |
| 9 (RLIN) | 73286 |
| 245 10 - MENCIÓN DEL TÍTULO | |
| Título | Derecho histórico y régimen local de Navarra |
| Resto del título | : alcance institucional y competencial de la disposición adicional primera de la Constitución Española / |
| Mención de responsabilidad, etc. | Demetrio Loperena Rota ; prólogo de Tomás Ramón Fernández Rodríguez. |
| 260 ## - PUBLICACIÓN, DISTRIBUCIÓN, ETC. | |
| Lugar de publicación, distribución, etc. | Pamplona : |
| Nombre del editor, distribuidor, etc. | Departamento de Presidencia e Interior, |
| Fecha de publicación, distribución, etc. | D.L. 1988. |
| 300 ## - DESCRIPCIÓN FÍSICA | |
| Extensión | 391 p. ; |
| Dimensiones | 24 cm. |
| 504 ## - NOTA DE BIBLIOGRAFÍA, ETC. | |
| Nota de bibliografía, etc. | Bibliografía: p. 373-391. |
| 650 #4 - PUNTO DE ACCESO ADICIONAL DE MATERIA--TÉRMINO DE MATERIA | |
| Término de materia o nombre geográfico como elemento de entrada | Derecho constitucional- |
| Subdivisión geográfica | España |
| 9 (RLIN) | 11682 |
| 650 04 - PUNTO DE ACCESO ADICIONAL DE MATERIA--TÉRMINO DE MATERIA | |
| Término de materia o nombre geográfico como elemento de entrada | Fueros- |
| Subdivisión geográfica | Navarra (Comunidad Autónoma) |
| 9 (RLIN) | 12993 |
| 650 #4 - PUNTO DE ACCESO ADICIONAL DE MATERIA--TÉRMINO DE MATERIA | |
| Término de materia o nombre geográfico como elemento de entrada | Administración local- |
| Subdivisión general | Derecho y legislación- |
| Subdivisión geográfica | Navarra (Comunidad Autónoma) |
| 9 (RLIN) | 169412 |
| 700 1# - ENTRADA AGREGADA--NOMBRE PERSONAL | |
| Nombre de persona | Fernández, Tomás-Ramón. |
| 9 (RLIN) | 49432 |
| 710 1# - ENTRADA AGREGADA--NOMBRE DE ENTIDAD CORPORATIVA | |
| Nombre de entidad corporativa o nombre de jurisdicción como elemento de entrada | Navarra (Comunidad Autónoma). |
| Unidad subordinada | Departamento de Presidencia e Interior. |
| 9 (RLIN) | 5982 |
| 852 ## - LOCALIZACIÓN | |
| Ubicación | ES-MaACL |
| Número de control de estantería | L-19699 |
| Estatus retirado | Estado de pérdida | Estado de daño | No para préstamo | Biblioteca de origen | Biblioteca actual | Ubicación en estantería | Fecha de adquisición | Fuente de adquisición | Total de préstamos | Signatura topográfica completa | Código de barras | Visto por última vez | Precio de reemplazo | Tipo de ítem Koha |
|---|---|---|---|---|---|---|---|---|---|---|---|---|---|---|
| Biblioteca del Ateneo de Madrid | Biblioteca del Ateneo de Madrid | Depósito 2 | 17/01/2008 | L-19699 | 1012726 | 23/02/2023 | 23/02/2023 | Libro impreso |
